د شت د يکھا نہ سمند ر د يکھا (Record no. 92378)

MARC details
000 -LEADER
fixed length control field 00764nam a22002177a 4500
005 - DATE AND TIME OF LATEST TRANSACTION
control field 20150320164804.0
008 - FIXED-LENGTH DATA ELEMENTS--GENERAL INFORMATION
fixed length control field 140714b xxu||||| |||| 00| 0 Urdu d
010 ## - LCCN (DPL NO)
LC control number UR-8760
020 q# - INTERNATIONAL STANDARD BOOK NUMBER
Terms of availability 150.00
035 ## - SYSTEM CONTROL NUMBER
System control number U-7315
037 ## - SOURCE OF ACQUISITION
Source of stock number/acquisition DBAD/Pub.
040 ## - CATALOGING SOURCE
Original cataloging agency DPL
Language of cataloging Urdu
082 ## - DEWEY DECIMAL CLASSIFICATION NUMBER
Classification number 841
100 ## - MAIN ENTRY--PERSONAL NAME
Personal name سکسينہ ر ميش نر ا ين گلشن بر يلو ی
245 ## - TITLE STATEMENT
Title د شت د يکھا نہ سمند ر د يکھا
Remainder of title سکسينہ ر ميش نر ا ين گلشن بر يلو ی
246 ## - VARYING FORM OF TITLE
Title proper/short title Dasht Dekha na Samunder Dekha
Remainder of title BY Ramesh Narain Saxena Gulshan Barelvi
260 ## - PUBLICATION, DISTRIBUTION, ETC. (IMPRINT)
Place of publication, distribution, etc Lakhnow-U.P.
Name of publisher, distributor, etc Noumani Printing Press
Date of publication, distribution, etc 2009
270 ## - ADDRESS
Address Barud Khana ,Gola Ganj
300 ## - PHYSICAL DESCRIPTION
Extent 208ص
Other physical details 22Cm.(Pb.)
942 ## - ADDED ENTRY ELEMENTS (KOHA)
Source of classification or shelving scheme Dewey Decimal Classification
Item type Urdu Bks
Classification part 841
Call number suffix س ک س
Holdings
Withdrawn status Lost status Source of classification or shelving scheme Damaged status Not for loan Collection code Home library Current library Date acquired Source of acquisition Cost, normal purchase price Total Checkouts Full call number Barcode Date last seen Copy number Cost, replacement price Koha item type
    Dewey Decimal Classification   Not For Loan Non-fiction D.B.Act.Division D.B.Act.Division 20/03/2015 DBAD/Pub. 150.00   841 س ک س U-7315 20/03/2015 1 150.00 Urdu Bks

© Delhi Public Library
Hit Counter
free hit counter